LEADER 00898nam a22002413i 4500 001 991003725529707536 005 20040601083422.0 008 040802s1970 it a||||||||||||||||ita 035 $ab13118018-39ule_inst 035 $aARCHE-107062$9ExL 040 $aBiblioteca Interfacoltà$bita$cA.t.i. Arché s.c.r.l. Pandora Sicilia s.r.l. 082 04$a123 100 1 $aUscatescu, George$011273 245 10$aAntinomie della libertà /$cGeorge Uscatescu 260 $aFirenze :$bCittà di vita,$c1970 300 $a156 p. :$btav. ;$c24 cm 650 4$aLibertà (Concetto) 907 $a.b13118018$b02-04-14$c05-08-04 912 $a991003725529707536 945 $aLE002 Fondo Giudici P 1709$g1$iLE002G-16183$lle002$nC. 1$o-$pE0.00$q-$rn$so $t0$u0$v0$w0$x0$y.i13753332$z05-08-04 996 $aAntinomie della libertà$9308302 997 $aUNISALENTO 998 $ale002$b05-08-04$cm$da $e-$fita$git $h0$i1 LEADER 03035oam 2200721I 450 001 9910973778803321 005 20251117070028.0 010 $a0-429-91250-1 010 $a0-429-89827-4 010 $a0-429-47350-8 010 $a1-283-12557-9 010 $a9786613125576 010 $a1-84940-313-9 024 7 $a10.4324/9780429473500 035 $a(CKB)2670000000093495 035 $a(EBL)712266 035 $a(OCoLC)729166992 035 $a(SSID)ssj0000521863 035 $a(PQKBManifestationID)12183240 035 $a(PQKBTitleCode)TC0000521863 035 $a(PQKBWorkID)10527415 035 $a(PQKB)10713680 035 $a(MiAaPQ)EBC712266 035 $a(Au-PeEL)EBL712266 035 $a(CaPaEBR)ebr10477665 035 $a(CaONFJC)MIL312557 035 $a(OCoLC)730501899 035 $a(OCoLC)1226773985 035 $a(FINmELB)ELB140159 035 $a(EXLCZ)992670000000093495 100 $a20180706h20182001 uy 0 101 0 $aeng 135 $aur|n|---||||| 181 $ctxt 182 $cc 183 $acr 200 10$aDamaged bonds /$fby Michael Eigen 205 $aFirst edition. 210 $aLondon $cKarnac Books$d2005, c2001 210 1$aBoca Raton, FL :$cRoutledge, an imprint of Taylor and Francis,$d[2018]. 210 4$d©2001 215 $a1 online resource (203 p.) 300 $aDescription based upon print version of record. 311 08$a0-367-32403-2 311 08$a1-85575-256-5 320 $aIncludes bibliographical references and index. 327 $apt. 1. Damaged bonds-damaged dreams -- pt. 2. Work in the trenches. 330 3 $a'It is one of life's chilling characteristics that bonds that nourish also damage. We are formed and malformed at the same time. In an earlier work, Toxic Nourishment (1999), I explored the ways that emotional nourishment and toxins are fused. Damaged Bonds complements and adds to this, by encouraging us to look at and face, as we can, how we wound and are wounded by the bonds we need to live. It is, perhaps, part of life's oddity that doing so, to the extent we are able, brings its own kind of joy. '.It is the underlying assumption of this book that the therapy bond (both damaged/damaging and generative) helps support dream-work and connections between dream reality and every-day waking activities. It is thus, also, our hope that therapy helps improve psychic digestion. At a minimum, we suspect that it will help us to learn something about our relationship to emotional processes, so that we can become better partners to ourselves and others. 606 $aTherapist and patient 606 $aDream interpretation 606 $aPsychoanalysis 615 0$aTherapist and patient. 615 0$aDream interpretation. 615 0$aPsychoanalysis. 676 $a154.63 676 $a616.8917 700 $aEigen$b Michael$01873015 801 0$bFlBoTFG 801 1$bFlBoTFG 906 $aBOOK 912 $a9910973778803321 996 $aDamaged bonds$94494372 997 $aUNINA